[Event "Zuerich op"]
[Site "Zuerich"]
[Date "1995.??.??"]
[Round "3"]
[White "Bhend, Edwin"]
[Black "Schmidt Schaeffer, Sebastian"]
[Result "1/2-1/2"]
[WhiteElo "2310"]
[BlackElo "2340"]

1.e4 d6 2.d4 Nf6 3.Nc3 Nbd7 4.Nf3 e5 5.Be2 Be7 6.O-O O-O 7.Re1 c6 8.a4 b6
9.b3 a6 10.Bb2 Bb7 11.Bf1 Re8 12.Qd2 Qc7 13.Rad1 g6 14.dxe5 dxe5 15.Qh6 Rad8
16.Nb1 Ng4 17.Qc1 Bc5 18.Re2 b5 19.Ne1 bxa4 20.bxa4 a5 21.Nd3 Bf8 22.h3 Ngf6
23.Nd2 c5 24.Bc3 Bh6 25.f3 c4 26.Nf2 Nh5 27.Qa3 Ba6 28.Ree1 Ng3 29.Qa2 Rc8
30.Nb1 Nf6 31.Na3 Qc5 32.Nb5 Bxb5 33.axb5 Be3 34.Rxe3 Qxe3 35.Qxa5 Re6 36.Qb4 Nxf1
37.Kxf1 Nh5 38.Bd2 Qb6 39.Kg1 Rd6 40.Re1 Rd7 41.Be3 Qd6 42.Qc3 f6 43.b6 Qc6
44.Ng4 Ng7 45.Bf2 Rb7 46.f4 h5 47.Ne3 Qxe4 48.Qa5 Qc6 49.fxe5 fxe5 50.Nd5 Re8
51.Nc7 Re7 52.Rxe5 Rf7 53.Re2 Kh7 54.Qc5 Qxc5 55.Bxc5 Rbxc7 56.bxc7 Rxc7
57.Bd6  1/2-1/2

[Event "Aegina op"]
[Site "Aegina"]
[Date "1996.??.??"]
[Round "2"]
[White "Tzoumbas, Anastasios"]
[Black "Efthimiou, Efthimios"]
[Result "1-0"]
[WhiteElo "2355"]
[BlackElo "2155"]

1.e4 d6 2.d4 Nf6 3.Nc3 c6 4.f3 Qb6 5.a3 Nbd7 6.Be3 d5 7.Bf2 dxe4 8.Bc4 Qa5
9.Qd2 Qf5 10.g4 Qg6 11.g5 Nb6 12.Bf1 e3 13.Bxe3 Nfd5 14.Nxd5 Nxd5 15.Bf2 Bf5
16.O-O-O e6 17.Ne2 Bd6 18.c4 Bb1 19.cxd5 cxd5 20.Bg3 Rc8+ 21.Nc3 Bxg3 22.hxg3 Ba2
23.Bd3 f5 24.Bb5+ Ke7 25.f4 a6 26.Ba4 b5 27.Bc2 Bc4 28.b3 b4 29.axb4 Bb5
30.Rde1 Kd6 31.g4 Rc7 32.gxf5 exf5 33.Re5 Rhc8 34.Rxd5+ Ke7 35.Rc5 Kf8 36.Nd5 Rxc5
37.bxc5 Bc6 38.Nb6 Bxh1 39.Nxc8 Qc6 40.Nd6 g6 41.Qa5 Ke7 42.Qe1+ Kf8 43.Qe5 Kg8
44.Qe6+  1-0

[Event "BRA-ch"]
[Site "Americana"]
[Date "1996.??.??"]
[Round "8"]
[White "Leitao, Rafael"]
[Black "Vescovi, Giovanni"]
[Result "1/2-1/2"]
[WhiteElo "2475"]
[BlackElo "2490"]

1.d4 d6 2.e4 Nf6 3.Nc3 Nbd7 4.Nf3 e5 5.Bc4 Be7 6.O-O O-O 7.Re1 c6 8.a4 b6
9.h3 a6 10.d5 c5 11.Nh4 Ne8 12.Nf5 Bg5 13.Qd3 Bxc1 14.Raxc1 g6 15.Ng3  1/2-1/2

[Event "Donner mem op"]
[Site "Amsterdam"]
[Date "1996.??.??"]
[Round "5"]
[White "Garcia, Gildardo"]
[Black "Hartoch, Robert G"]
[Result "1-0"]
[WhiteElo "2495"]
[BlackElo "2295"]

1.e4 d6 2.d4 Nf6 3.Nc3 e5 4.Nf3 Nbd7 5.Bc4 Be7 6.O-O O-O 7.Re1 a6 8.a4 b6
9.b3 c6 10.Bb2 Bb7 11.Qd2 b5 12.Bd3 Re8 13.h3 Bf8 14.Rad1 Qc7 15.axb5 axb5
16.Ne2 g6 17.Ng3 Ra2 18.Qc1 Bg7 19.c3 Raa8 20.c4 bxc4 21.Bxc4 exd4 22.Nxd4 Qb6
23.Ndf5 d5 24.Nxg7 Kxg7 25.Qg5 Kg8 26.Nf5 Ra2 27.Bd4 c5 28.e5 Nh5 29.Bc3 Qe6
30.Nh6+ Kf8 31.Be2 Rxe2 32.Rxe2 f6 33.Qc1 fxe5 34.Bxe5 Nxe5 35.Qxc5+  1-0

[Event "Andorra"]
[Site "Andorra"]
[Date "1996.??.??"]
[Round "7"]
[White "Rodriguez, Amador"]
[Black "Jansa, Vlastimil"]
[Result "1/2-1/2"]
[WhiteElo "2510"]
[BlackElo "2490"]

1.e4 d6 2.d4 Nf6 3.Nc3 e5 4.Nf3 Nbd7 5.Bc4 Be7 6.O-O O-O 7.Re1 c6 8.a4 b6
9.d5 cxd5 10.Nxd5 Bb7 11.Bg5 Nxd5 12.Bxd5 Bxd5 13.Bxe7 Qxe7 14.Qxd5 Rac8  1/2-1/2

[Event "Antwerp op"]
[Site "Antwerp"]
[Date "1996.??.??"]
[Round "2"]
[White "Rytshagov, Mikhail"]
[Black "Beeckmans, Felix"]
[Result "1-0"]
[WhiteElo "2495"]
[BlackElo "2175"]

1.e4 d6 2.d4 Nf6 3.Nc3 c6 4.f4 Qa5 5.Bd3 e5 6.Nf3 Bg4 7.Be3 Nbd7 8.O-O exf4
9.Bxf4 Qb4 10.Be2 Qxb2 11.Qd2 Qb6 12.Rab1 Qc7 13.e5 Bxf3 14.Bxf3 dxe5 15.dxe5 Nd5
16.Nxd5 cxd5 17.e6  1-0

[Event "Antwerp op"]
[Site "Antwerp"]
[Date "1996.??.??"]
[Round "2"]
[White "Jonkman, Harmen"]
[Black "Legky, Nikolay A"]
[Result "1-0"]
[WhiteElo "2325"]
[BlackElo "2540"]

1.e4 d6 2.d4 Nf6 3.Nc3 e5 4.Nf3 Nbd7 5.Bc4 Be7 6.O-O O-O 7.a4 c6 8.Qe2 a5
9.h3 exd4 10.Nxd4 Re8 11.Qd1 Bf8 12.Re1 h6 13.Bf4 Ne5 14.Bb3 Qb6 15.Kh1 Bd7
16.Be3 Qc7 17.f4 Ng6 18.Qf3 d5 19.exd5 Bd6 20.dxc6 bxc6 21.Nde2 Re7 22.Bd4 Rae8
23.Bxf6 gxf6 24.Rf1 Kh7 25.Rad1 Bc8 26.Nd4 Re3 27.Qxc6 Rxh3+ 28.Kg1 Qxc6
29.Nxc6 Bc5+ 30.Nd4 Rhe3 31.Nd5 Rxb3 32.Nxf6+ Kh8 33.Nxe8 Rxb2 34.c3 Rc2
35.Rc1 Ra2 36.Nf6 Rxa4 37.g3 Bb7 38.Rfe1 Ne7 39.Nd7 Bd6 40.Nb5 Ra2 41.Nxd6  1-0

[Event "Antwerp op"]
[Site "Antwerp"]
[Date "1996.??.??"]
[Round "3"]
[White "Blees, Albert"]
[Black "Van Houtte, Thierry"]
[Result "1-0"]
[WhiteElo "2415"]
[BlackElo "2215"]

1.e4 d6 2.d4 Nf6 3.Nc3 e5 4.Nf3 Nbd7 5.Bc4 Be7 6.O-O O-O 7.Re1 c6 8.Bb3 exd4
9.Nxd4 Nc5 10.Bc4 a5 11.Bf4 Ne6 12.Nxe6 Bxe6 13.Bxe6 fxe6 14.e5 Nd5 15.exd6 Bxd6
16.Bxd6 Qxd6 17.Ne4 Qf4 18.Qe2 b6 19.Rad1 Rae8 20.g3 Qc7 21.Ng5 Rf6 22.c4 Nb4
23.a3 Na6 24.Qh5 g6 25.Qh4 Qe7 26.Rd6  1-0

[Event "RUS-ch sf"]
[Site "Arkhangelsk"]
[Date "1996.??.??"]
[Round "?"]
[White "Chigvintsev, Andrei"]
[Black "Ivanov, Timur"]
[Result "0-1"]
[WhiteElo "2330"]
[BlackElo "2370"]

1.e4 d6 2.d4 Nf6 3.Nc3 e5 4.Nf3 Nbd7 5.Bc4 Be7 6.O-O O-O 7.a4 c6 8.Qe2 a5
9.Ba2 exd4 10.Nxd4 Ne5 11.h3 Qb6 12.Rd1 Re8 13.f4 Bf8 14.Be3 Ng6 15.Nf3 Qc7
16.Ng5 Nh8 17.Bd4 h6 18.Rf1 d5 19.e5 hxg5 20.fxg5 Nh7 21.h4 Be6 22.Rae1 Rad8
23.Qf2 c5 24.Nb5 Qc6 25.Bc3 b6 26.Bd2 d4 27.Bxe6 Rxe6 28.h5 Rde8  0-1

[Event "Ashkhabad"]
[Site "Ashkhabad"]
[Date "1996.??.??"]
[Round "8"]
[White "Annageldiev, Orazly"]
[Black "Komliakov, Viktor"]
[Result "1/2-1/2"]
[WhiteElo "2485"]
[BlackElo "2500"]

1.e4 d6 2.d4 Nf6 3.Nc3 e5 4.Nf3 Nbd7 5.Bc4 Be7 6.O-O O-O 7.Re1 c6 8.a4 a5
9.h3 Re8 10.dxe5 Nxe5 11.Ba2 Bf8 12.Bf4 Qb6 13.Ng5 Be6 14.Nxe6 fxe6 15.Be3 Qb4
16.Bd4 Nc4 17.Qe2 d5 18.Bxf6 gxf6 19.exd5 exd5 20.Qg4+ Bg7 21.Bxc4 Qxc4 22.Qd7 Re5
23.Re3 Rxe3 24.fxe3 Rf8 25.Rf1 Qc5 26.Rf3 f5 27.Qe6+ Kh8 28.Kh1 Bxc3 29.bxc3 Qxc3
30.Rxf5 Rxf5 31.Qxf5 Kg7  1/2-1/2

[Event "Ashkhabad"]
[Site "Ashkhabad"]
[Date "1996.??.??"]
[Round "13"]
[White "Iuldachev, Saidali"]
[Black "Komliakov, Viktor"]
[Result "1/2-1/2"]
[WhiteElo "2495"]
[BlackElo "2500"]

1.e4 d6 2.d4 Nf6 3.Nc3 e5 4.dxe5 dxe5 5.Qxd8+ Kxd8 6.Bc4 Be6 7.Bxe6 fxe6
8.Nge2 a6 9.Be3 Bd6 10.f3 Nbd7 11.Nc1 Ke7 12.Nd3  1/2-1/2

[Event "Asti op"]
[Site "Asti"]
[Date "1996.??.??"]
[Round "?"]
[White "Mordiglia, Riccardo"]
[Black "Chilese, Carlo"]
[Result "1-0"]
[WhiteElo "2100"]
[BlackElo "1940"]

1.d4 Nf6 2.Nc3 c6 3.e4 d6 4.f4 g6 5.Nf3 Bg7 6.Be3 Na6 7.h3 O-O 8.Qd2 b5 9.Bd3 b4
10.Ne2 c5 11.g4 cxd4 12.Bxd4 Nc5 13.Bxc5 dxc5 14.e5 Nd5 15.Be4 Bb7 16.Rd1 e6
17.f5 Bxe5 18.Nxe5 Qh4+ 19.Kf1 Rad8 20.Nf3 Qe7 21.Qh6 exf5 22.Bxd5 Rxd5 23.Rxd5 Bxd5
24.Qf4 Qb7 25.Kf2 Re8 26.gxf5 Re4 27.Qg3 Bc4 28.Re1 Qe7 29.Nf4 Rxe1 30.Nxe1 g5
31.h4 h6 32.hxg5 hxg5 33.Nf3 f6  1-0

[Event "GRE-chT"]
[Site "Athens"]
[Date "1996.??.??"]
[Round "9"]
[White "Kalaitzoglou, Panayotis"]
[Black "Argiroudis, Stamatis"]
[Result "1/2-1/2"]
[WhiteElo "2005"]
[BlackElo "2215"]

1.e4 d6 2.d4 Nf6 3.Nc3 c6 4.f4 Qa5 5.Bd2 e5 6.Nf3 exd4 7.Nxd4 Qb6 8.Nf3 Be7
9.Bd3 O-O 10.Rb1 a5 11.Qe2 Bg4 12.Be3 Qc7 13.O-O Nbd7 14.h3 Bxf3 15.Qxf3 b5
16.g4 Nc5 17.Bxc5 dxc5 18.e5 Nd7 19.Rbd1 g6 20.Be4 Ra6 21.Bxc6 Nxe5 22.fxe5 Qxc6
23.Qxc6 Rxc6 24.Nxb5 c4 25.Rd5 a4 26.b3 axb3 27.axb3 cxb3 28.cxb3 Rc5  1/2-1/2

[Event "AUT-chT2O 9697"]
[Site "Austria"]
[Date "1996.??.??"]
[Round "1"]
[White "Schirmbeck, Hannes"]
[Black "Vokroj, Rene"]
[Result "1/2-1/2"]
[WhiteElo "2175"]
[BlackElo "2235"]

1.e4 d6 2.d4 Nf6 3.Nc3 c6 4.Nf3 Nbd7 5.e5 Nd5 6.Nxd5 cxd5 7.exd6 e6 8.Bd3 Bxd6
9.O-O O-O 10.Re1 Qc7 11.Qe2 Re8 12.Ne5 Bxe5 13.dxe5 Nc5 14.Qg4 Nxd3 15.cxd3 Qe7
16.Bg5 Qf8 17.Re3 h6 18.Bxh6 f5 19.Qg3 Bd7 20.Bg5 Kf7 21.Qf4 Rac8 22.Rh3 Qc5
23.Rh7 Rh8 24.Rxh8 Rxh8 25.Rc1 Qb6 26.b3 Rc8 27.h4 Rxc1+ 28.Qxc1 Bb5 29.Qa3 Qc7
30.d4 a6 31.Qb4 Kg8 32.a4 Bc6 33.Qc5 Qf7 34.Qd6 Qd7 35.Qc5 Qf7 36.Qc2 Qf8
37.h5 Qe8 38.h6 Qh5 39.Qd2 gxh6 40.Bxh6 Kh7 41.Bg5 Kg6 42.Bf6 Qg4 43.g3 f4
44.Qd3+ Kh6 45.Qd2 Be8 46.Kh2 Bg6 47.a5 Be4 48.Qxf4+ Qxf4 49.gxf4 Kg6 50.Kg3 Kf7
51.f3 Bf5 52.Kf2 Ke8 53.Ke3 Kd7 54.Kd2  1/2-1/2

[Event "AUT-chT2S 9697"]
[Site "Austria"]
[Date "1996.??.??"]
[Round "1"]
[White "Kornprat, M."]
[Black "Janisch, Robert"]
[Result "1/2-1/2"]
[WhiteElo "2100"]
[BlackElo "2040"]

1.e4 d6 2.d4 Nf6 3.Nc3 c6 4.a4 Qa5 5.Bd2 Qb6 6.Nf3 a5 7.Be2 Bg4 8.e5 dxe5
9.Nxe5 Bf5 10.Bc1 e6 11.O-O Na6 12.Nc4 Qd8 13.Bg5 Nb4 14.Ne3 Bg6 15.Bc4 Be7
16.Ne2 O-O 17.c3 Nbd5 18.Bxd5 cxd5 19.Nf4 b5 20.Nxg6 hxg6 21.Bxf6 gxf6 22.axb5 Qb6
23.Qe2 Rfb8 24.Nxd5 exd5 25.Qxe7 Qxb5 26.h4 Kg7 27.h5 gxh5 28.Qe3 Qd7 29.Qg3+ Qg4
30.Qxg4+ hxg4 31.Ra2 a4 32.Rfa1 Kg6 33.Rxa4 Rxa4 34.Rxa4 Rxb2 35.Ra5 Rc2
36.Rxd5 Rxc3 37.g3 Rc1+ 38.Kg2 Rd1 39.Rd7 Kf5 40.Rxf7 Rxd4 41.Re7 Re4 42.Ra7 Re5
43.Ra4 Rb5 44.Rf4+ Kg5 45.Ra4  1/2-1/2

[Event "AUT-ch (Women)"]
[Site "?"]
[Date "1996.??.??"]
[Round "4"]
[White "Feichtner, M."]
[Black "Mira, Helene"]
[Result "0-1"]
[WhiteElo "1605"]
[BlackElo "2185"]

1.e4 d6 2.d4 Nf6 3.Nc3 c6 4.Nf3 Bg4 5.Be2 e6 6.Bg5 Be7 7.O-O Bxf3 8.Bxf3 d5
9.exd5 cxd5 10.Qe2 O-O 11.Qb5 Nc6 12.Rad1 Qc7 13.Rfe1 a6 14.Qe2 Qb6 15.Qd3 Rac8
16.a3 h6 17.Bh4 Rfe8 18.Na4 Qa5 19.Nc3 Qc7 20.Bg3 Bd6 21.Bxd6 Qxd6 22.Na4 b5
23.Nc3 Na5 24.Rb1 Nc4 25.Na2 a5 26.c3 Qf4 27.Re2 g5 28.g3 Qf5 29.Qxf5 exf5
30.Rbe1 Ne4 31.Nc1 g4 32.Bg2 Red8 33.Nd3 Nxa3 34.bxa3 Rxc3 35.Nc5 Rxa3 36.Rb2 b4
37.Reb1 Kg7 38.Bf1 Re8 39.Bb5 Rd8 40.Bc6 Nxc5 41.dxc5 Rc3 42.Rd2 Rxc5 43.Ba4 d4
44.Rbd1 Rc4 45.Bb5 Rc3 46.Kf1 Rd5 47.Ba4 Ra3 48.Bc2 b3 49.Bd3 Ra4 50.Rb2 Rb4
51.Rdb1 a4 52.Ra1 Kf6 53.Ke2 Ke5 54.f4+ gxf3+ 55.Kxf3 Rc5 56.Re1+ Kf6 57.Ra1 Rc3
58.Ke2 Ke5 59.Kd2 Kf6 60.h4 Rc5 61.Ke2 Re5+ 62.Kf2 Re3 63.Bf1 Rc3 64.Be2 d3
65.Bd1 Rc2+ 66.Bxc2 dxc2 67.Ke2 a3 68.Rxc2 bxc2 69.Rc1  0-1

[Event "AUT-chT9596"]
[Site "?"]
[Date "1996.??.??"]
[Round "?"]
[White "Fahrner, Kurt"]
[Black "Casagrande, Harald"]
[Result "1-0"]
[WhiteElo "2275"]
[BlackElo "2370"]

1.e4 d6 2.d4 Nf6 3.Nc3 c6 4.Be2 Qa5 5.Bf3 e5 6.dxe5 dxe5 7.g4 h6 8.h4 Be6
9.g5 hxg5 10.hxg5 Rxh1 11.Bxh1 Nfd7 12.g6 f6 13.Bf3 Na6 14.Bg4 Ndc5 15.a3 Rd8
16.Qf3 Nb4 17.axb4 Qxa1 18.Nge2 Bxg4 19.Qxg4 Na4 20.Qe6+ Be7 21.Nd1 Rd6 22.Qc8+ Bd8
23.Qxb7 Rd7 24.Qxc6 Nb6 25.Ndc3 Qa6 26.Nd5 Qc8 27.Qe6+ Kf8 28.Be3 Nxd5 29.Bc5+  1-0

[Event "AUT-ch"]
[Site "AUT"]
[Date "1996.??.??"]
[Round "2"]
[White "Havlicek, Josef"]
[Black "Stuhlik, Marko"]
[Result "1/2-1/2"]
[WhiteElo "2245"]
[BlackElo "2215"]

1.e4 d6 2.d4 Nf6 3.Nc3 c6 4.f4 Qa5 5.Bd2 e5 6.dxe5 dxe5 7.fxe5 Ng4 8.Nf3 Bc5
9.Bc4 Nf2 10.Qe2 Nxh1 11.O-O-O b5 12.Nxb5 Qb6 13.Nd6+ Bxd6 14.exd6 O-O 15.Rxh1 Ba6
16.Ne5 Bxc4 17.Qxc4 a5 18.Rf1 Qb5 19.Rxf7 Qxc4 20.Rxf8+ Kxf8 21.Nxc4 a4 22.Nb6 Ra7
23.Be3 Kf7 24.Kd2 Ke6 25.Kd3 Nd7 26.Nc4 Rb7 27.Bd4 Rb5 28.b3 axb3 29.cxb3 Rg5
30.g3 Rh5 31.Bg1 Rh3 32.a4 h5 33.a5 h4 34.a6 hxg3 35.hxg3 Rxg3+ 36.Be3 Nc5+
37.Ke2 Nxa6 38.e5 Nb4 39.Nb6 Nd5 40.d7 Rxe3+ 41.Kd2 Ke7 42.Nxd5+ cxd5 43.Kxe3 Kxd7
44.Kd4 Ke6 45.b4 g5 46.b5 g4 47.b6 g3 48.Ke3 d4+ 49.Kf3 d3 50.b7  1/2-1/2

[Event "AUT-ch"]
[Site "AUT"]
[Date "1996.??.??"]
[Round "9"]
[White "Baumegger, Siegfried"]
[Black "Stuhlik, Marko"]
[Result "0-1"]
[WhiteElo "2310"]
[BlackElo "2215"]

1.e4 d6 2.d4 Nf6 3.Nc3 c6 4.Nf3 g6 5.Be2 Bg7 6.O-O O-O 7.h3 Qc7 8.Bg5 e5
9.Re1 b5 10.a3 Nbd7 11.Bf1 a6 12.dxe5 dxe5 13.Qd2 Nc5 14.Rad1 Nb7 15.Qe3 Be6
16.Nd2 Rfd8 17.f4 exf4 18.Bxf4 Qe7 19.Kh1 Nh5 20.Bh2 Bd4 21.Qf3 Qg5 22.e5 Bxc3
23.Qxc3 Bd5 24.Nf3 Qe7 25.Qe3 Ng7 26.Bd3 Nc5 27.Bf1 Ne4 28.Nd2 Nf5 29.Qf4 Ng5
30.Kg1 Qc5+ 31.Qf2 Qxc2 32.h4 Ne6 33.g4 Nfd4 34.Bg2 Qxb2 35.Bxd5 Rxd5 36.Ne4 Qxf2+
37.Kxf2 Kg7 38.Nf6 Rc5 39.h5 Rc2+ 40.Kg3 Rc3+ 41.Kg2 c5 42.Rc1 Rxa3 43.Bg3 Ra2+
44.Kh1  0-1

[Event "Bad Homburg"]
[Site "Bad Homburg"]
[Date "1996.??.??"]
[Round "6"]
[White "Boensch, Uwe"]
[Black "Stangl, Markus"]
[Result "1/2-1/2"]
[WhiteElo "2525"]
[BlackElo "2565"]

1.e4 d6 2.d4 Nf6 3.Nc3 e5 4.Nf3 Nbd7 5.Bc4 Be7 6.O-O O-O 7.Re1 c6 8.a4 Qc7
9.h3 b6 10.Bg5 Bb7 11.dxe5 Nxe5 12.Nxe5 dxe5 13.Qf3 Rad8 14.Rad1 Rxd1 15.Rxd1 Rd8  1/2-1/2

[Event "Bagneux"]
[Site "Bagneux"]
[Date "1996.??.??"]
[Round "6"]
[White "Ippolito, Manuel"]
[Black "Bartha, Sandor"]
[Result "1-0"]
[WhiteElo "2280"]
[BlackElo "2240"]

1.e4 d6 2.d4 Nf6 3.Nc3 Nbd7 4.f4 c5 5.e5 Ng8 6.e6 fxe6 7.Nf3 cxd4 8.Nxd4 Ndf6
9.Bb5+ Kf7 10.g4 g6 11.O-O a6 12.Bd3 e5 13.fxe5 dxe5 14.Nf3 Kg7 15.h3 e4
16.Nxe4 Nxe4 17.Bxe4 Qxd1 18.Rxd1 Nf6 19.Bd3 e5 20.Nxe5 Bc5+ 21.Kg2 Re8 22.Nf3 b5
23.Bd2 Bb7 24.Re1 Ne4 25.Bf4 Kg8 26.a4 b4 27.Rad1 Re7 28.Bc4+ Kg7 29.Bd5 Bxd5
30.Rxd5  1-0

[Event "Balatonalm di op"]
[Site "Balaton"]
[Date "1996.??.??"]
[Round "6"]
[White "Horvath, Tamas"]
[Black "Zemerov, Vladimir"]
[Result "0-1"]
[WhiteElo "2410"]
[BlackElo "2410"]

1.e4 d6 2.d4 Nf6 3.Nc3 e5 4.Nf3 Nbd7 5.Bc4 Be7 6.dxe5 dxe5 7.O-O O-O 8.Qe2 c6
9.a4 Qc7 10.a5 Bb4 11.Ng5 Bxc3 12.bxc3 h6 13.Nf3 Re8 14.Nh4 Nc5 15.f3 Be6
16.Be3 Bxc4 17.Qxc4 Ne6 18.Nf5 Red8 19.Rfb1 Rd7 20.Rd1 Rxd1+ 21.Rxd1 Qxa5
22.Rb1 Qc7 23.Bc5 b5 24.Qb4 a5 25.Qa3 Ne8 26.Nd6 Nxd6 27.Bxd6 Qa7+ 28.Kh1 f6
29.Qa2 Qd7 30.Bb4 a4 31.c4 c5 32.Be1 b4 33.h3 Kh7 34.Qa1 Rd8 35.Kh2 Nd4 36.Qb2 a3
37.Qa2 Qa4 38.Rc1 Nxc2 39.Qxc2 Qxc2 40.Rxc2 b3  0-1

[Event "Balatonalm di op"]
[Site "Balaton"]
[Date "1996.??.??"]
[Round "9"]
[White "Gara, Anita"]
[Black "Zemerov, Vladimir"]
[Result "0-1"]
[WhiteElo "2065"]
[BlackElo "2410"]

1.e4 d6 2.d4 Nf6 3.Nc3 e5 4.dxe5 dxe5 5.Qxd8+ Kxd8 6.Bc4 Be6 7.Bxe6 fxe6
8.Be3 Bd6 9.O-O-O Ke7 10.Nf3 a6 11.Nd2 b5 12.f3 Nc6 13.Ne2 Rhb8 14.Kb1 Na5
15.Rhf1 Nc4 16.Bg1 a5 17.c3 Nd7 18.f4 Nxd2+ 19.Rxd2 exf4 20.Nxf4 Rf8 21.Rdf2 Bc5
22.Rf3 Bxg1 23.Rxg1 Ne5 24.Rff1 Rad8 25.Ne2 Rxf1+ 26.Rxf1 Rd2 27.Nd4 Rxg2
28.b3 c6 29.h4 g6 30.Nf3 Nxf3 31.Rxf3 Rg4 32.Re3 Rxh4 33.a4 bxa4 34.bxa4 Rh2
35.Rg3 Kd6 36.Rg5 Rh5 37.Rg2 Ke5 38.Re2 Rh4  0-1

[Event "Balatonbereny op"]
[Site "Balatonbereny"]
[Date "1996.??.??"]
[Round "2"]
[White "Dobos, Jozsef"]
[Black "Okhotnik, Vladimir"]
[Result "0-1"]
[WhiteElo "2340"]
[BlackElo "2425"]

1.e4 d6 2.d4 Nf6 3.Nc3 c6 4.f3 e5 5.Be3 Be7 6.Qd2 Nbd7 7.Nge2 Nb6 8.b3 O-O
9.a4 Qc7 10.g4 exd4 11.Nxd4 d5 12.a5 Nbd7 13.g5 Nh5 14.f4 Bb4 15.e5 Nc5 16.Bg2 Ne4
17.Bxe4 dxe4 18.Ra4 c5 19.Rxb4 cxb4 20.Nxe4 Qxa5 21.O-O Bh3 22.Re1 Qd5 23.Nd6 f6
24.N4f5 Qe6 25.Qd5 Qxd5 26.Ne7+ Kh8 27.Nxd5 fxe5 28.fxe5 Rf3 29.Ne4 Re8 30.Nd2 Rf5
31.Nxb4 Rfxe5 32.Nc4 Re4 33.Nd5 Rg4+ 34.Kf2 Rg2+ 35.Kf3 Rxc2 36.Nd6 Rf8+
37.Ke4 Rc6 38.Ke5 Bg2 39.Ne7 Rc7 40.Ndf5 Bh3 41.Kd6 Rc3 42.Nd4 Rd8+ 43.Ke5 Rc5+
44.Ke4 Re8  0-1

[Event "Balatonbereny op"]
[Site "Balatonbereny"]
[Date "1996.??.??"]
[Round "3"]
[White "Szalanczy, Emil"]
[Black "Szirmai, Eduard"]
[Result "1/2-1/2"]
[WhiteElo "2415"]
[BlackElo "2225"]

1.e4 d6 2.d4 Nf6 3.Nc3 c6 4.Bd3 e5 5.Nge2 Be7 6.O-O O-O 7.Qe1 Re8 8.Bg5 Nbd7
9.Rd1 Qb6 10.dxe5 dxe5 11.Bc1 Nc5 12.Kh1 Qc7 13.f4 Nxd3 14.cxd3 Bg4 15.h3 Bxe2
16.Nxe2 exf4 17.Bxf4 Bd6 18.Bxd6 Qxd6 19.Qf2 Rf8 20.Ng3 Nd7 21.d4 g6 22.Rde1 Rae8
23.e5 Qd5 24.Ne4 f5 25.Nd6 Rb8 26.Qh4 Qe6 27.Rf3 Nb6 28.Ra3 Nc8 29.Nxc8 Rbxc8
30.Rxa7 Rc7 31.Re3 Kg7 32.Rb3 Rff7 33.Ra8 Rc8 34.Rxc8 Qxc8 35.Re3 Qe6 36.Qf4 h6
37.h4 Re7 38.b3 Rd7 39.Kh2 Kh7 40.Rf3 Rf7 41.Rc3 Kg7 42.a4 Qe7 43.Rg3 Rf8
44.b4 Qe6 45.b5 Qc4 46.bxc6 bxc6 47.a5 c5 48.a6 Qxd4 49.Qxd4 cxd4 50.h5 g5
51.Rb3 Kf7 52.Rb6 d3 53.Rf6+ Ke7 54.Rxf8 d2 55.a7 d1=Q 56.a8=Q Qxh5+ 57.Kg3 Qg4+
58.Kf2 Qd4+ 59.Ke2 Qb2+ 60.Kd3 Qb3+ 61.Kd4 Qb4+ 62.Ke3 Qc3+ 63.Kf2 Qd2+ 64.Kg3  1/2-1/2

[Event "Balatonbereny op"]
[Site "Balatonbereny"]
[Date "1996.??.??"]
[Round "6"]
[White "Acs, Peter"]
[Black "Okhotnik, Vladimir"]
[Result "1/2-1/2"]
[WhiteElo "2440"]
[BlackElo "2425"]

1.e4 d6 2.d4 Nf6 3.Nc3 c6 4.f4 Qa5 5.Bd3 d5 6.e5 Ne4 7.Bxe4 dxe4 8.Qe2 f5
9.exf6 exf6 10.Bd2 Bb4 11.Nxe4 Bxd2+ 12.Qxd2 Qb6 13.Nd6+ Kd7 14.Nc4 Qb5 15.b3 Kc7
16.O-O-O Be6 17.Ne3 a5 18.Ne2 Rd8 19.Nc3 Qb4 20.d5 Qxf4 21.Kb1 Bf7 22.g3 Qb4
23.a3 Qf8 24.Nc4 b6 25.Qe3 Qc5 26.Qf4+ Kb7 27.Ne4 Qf8 28.Ned6+ Ka6 29.dxc6 Nxc6
30.Qe4 Be8 31.Qd5 Rab8 32.Qb5+ Ka7 33.Nxe8 Rxd1+ 34.Rxd1 Qxe8 35.Rd6 Ne5
36.Qd5 Qf7 37.Qd4 Qc7 38.Rd5 Nc6 39.Qd3 Rd8 40.Rxd8 Qxd8 41.Qxh7 Qd1+ 42.Kb2 Qd4+
43.c3 Qg4 44.a4 Ne5 45.Nd6 Qg5 46.Qc2 Qe3 47.Qg2 Nd3+ 48.Ka2 Nc5 49.Qd5 Kb8
50.Qg8+ Kc7 51.Nb5+ Kc6 52.Nd4+ Kb7 53.Qd5+ Kb8 54.Qd6+ Ka7 55.Nb5+ Ka6 56.Qd8 Qe4
57.Ka3 Qh1 58.Nc7+ Ka7 59.Nb5+ Ka6 60.Qc8+ Qb7 61.Qxb7+ Kxb7 62.Kb2 Kc6 63.Kc2 Kd5
64.b4 axb4 65.cxb4 Na6 66.Kc3  1/2-1/2

[Event "Balatonbereny op"]
[Site "Balatonbereny"]
[Date "1996.??.??"]
[Round "7"]
[White "Krizsany, Laszlo"]
[Black "Tolnai, Tibor"]
[Result "1/2-1/2"]
[WhiteElo "2430"]
[BlackElo "2450"]

1.d4 d6 2.e4 Nf6 3.Nc3 c6 4.f4 Qa5 5.e5 Ne4 6.Qf3 d5 7.Bd3 f5 8.exf6 exf6
9.Bd2 Nxd2 10.Kxd2 Bd6 11.Re1+ Kd8 12.Ne2 Na6 13.Nc1 Qc7 14.g3 Nb4 15.a3 Nxd3
16.Nxd3 Bf5 17.Nc5 Bxc5 18.dxc5 Qd7 19.Kc1 Kc7 20.Qf2 Rae8 21.Rxe8 Rxe8 22.Re1 Rxe1+
23.Qxe1 d4 24.Nd1 b6 25.Qb4 d3 26.cxd3 Qxd3 27.cxb6+ axb6 28.Qc3 Qe4 29.h4 Qg2
30.b4 Be4 31.a4 Qf1 32.Qe3 Qg2 33.Nf2 Bf5 34.a5 bxa5 35.Qa7+ Kd6 36.Qc5+ Ke6
37.Qe3+ Kf7 38.bxa5 Kg6 39.Qe8+ Kh6 40.Qe3 Qf1+ 41.Kd2 Qa1 42.Qc3 Qa2+ 43.Ke1 Qb1+
44.Kd2 Qa2+  1/2-1/2

[Event "Balatonbereny op"]
[Site "Balatonbereny"]
[Date "1996.??.??"]
[Round "7"]
[White "Dobos, Jozsef"]
[Black "Kiss, Attila"]
[Result "1-0"]
[WhiteElo "2340"]
[BlackElo "2395"]

1.d4 d6 2.e4 Nf6 3.Nc3 Nbd7 4.f4 e5 5.Nf3 exd4 6.Qxd4 c6 7.Be3 d5 8.e5 Ng4
9.Bg1 Nh6 10.Qd2 Nc5 11.h3 Nf5 12.Bf2 h5 13.Bd3 h4 14.O-O-O Be7 15.Rhe1 Kf8
16.Kb1 Qa5 17.Bxf5 Bxf5 18.Nd4 Rh5 19.Nxf5 Rxf5 20.Bxc5 Bxc5 21.Qd3 g6 22.Ne2 Re8
23.Rf1 Rh5 24.Rh1 Kg7 25.Rdf1 Qa6 26.g4 hxg3 27.Nxg3 Rh6 28.Qf3 Qb6 29.h4 Qc7
30.h5 Reh8 31.f5 gxh5 32.Rxh5 Qxe5 33.f6+ Qxf6 34.Qxf6+ Rxf6 35.Rxf6 Re8
36.Rf1 Kg6 37.Rhf5 Bd6 38.Rf6+  1-0

[Event "Balatonbereny IM-B"]
[Site "Balatonbereny"]
[Date "1996.??.??"]
[Round "9"]
[White "Biro, Sandor"]
[Black "Gross, Stefan"]
[Result "1/2-1/2"]
[WhiteElo "2340"]
[BlackElo "2290"]

1.e4 d6 2.d4 Nf6 3.Nc3 c6 4.a4 Qa5 5.Bd3 e5 6.Ne2 g6 7.O-O Bg7 8.dxe5 dxe5
9.h3 O-O 10.Be3 Nbd7 11.Qb1  1/2-1/2

[Event "Barbera op"]
[Site "Barbera"]
[Date "1996.??.??"]
[Round "9"]
[White "Bravo, Narciso"]
[Black "Mellado Trivino, Juan"]
[Result "1/2-1/2"]
[WhiteElo "2260"]
[BlackElo "2455"]

1.e4 d6 2.d4 Nf6 3.Nc3 e5 4.Nf3 exd4 5.Qxd4 Be7 6.Bb5+ Nbd7 7.O-O O-O 8.Re1 a6
9.Bf1 b5 10.Bf4 Bb7 11.a4 c5 12.Qd3 b4 13.Nb1 d5 14.exd5 Nxd5 15.Bg3 Bf6
16.Qb3 c4 17.Bxc4 Nc5 18.Qa2 Nb6 19.Nbd2 Nbxa4 20.Be5 Rc8 21.Rad1 Qb6 22.Bxf6 Qxf6
23.Ne5 Rc7 24.Ndf3 Bxf3 25.gxf3 Re7 26.Nd3 Qxf3 27.Rxe7 Qxd1+ 28.Ne1 Ne6
29.Qxa4 Qg4+ 30.Ng2 Qxc4 31.Ne3 Qh4 32.Re8 Qg5+ 33.Kf1 a5 34.Qd7 g6 35.Rxf8+ Kxf8
36.Qd6+ Kg7 37.b3 Qb5+ 38.Ke1 a4 39.bxa4 Qxa4 40.Qe5+ Kf8 41.Nd5 Kg8 42.Ne7+ Kf8
43.Nd5  1/2-1/2

[Event "Barcelona op2"]
[Site "Barcelona"]
[Date "1996.??.??"]
[Round "?"]
[White "Mora Manez, Julio"]
[Black "Hernando Rodrigo, Jose Maria"]
[Result "0-1"]
[WhiteElo "2150"]
[BlackElo "2275"]

1.e4 d6 2.d4 Nf6 3.Nc3 c6 4.Be2 e5 5.Nf3 Nbd7 6.O-O Be7 7.Bg5 O-O 8.a4 exd4
9.Qxd4 Nc5 10.Bc1 Re8 11.b4 Ncxe4 12.Bb2 d5 13.Rad1 c5 14.bxc5 Bxc5 15.Qd3 Nxf2
16.Rxf2 Bxf2+  0-1

[Event "Bardejov"]
[Site "Bardejov"]
[Date "1996.??.??"]
[Round "?"]
[White "Sergeev, Vladimir"]
[Black "Krajnak, Martin"]
[Result "1/2-1/2"]
[WhiteElo "2435"]
[BlackElo "2270"]

1.e4 d6 2.d4 Nf6 3.Nc3 c6 4.a4 e5 5.Nge2 Qa5 6.Bd2 Na6 7.f3 Qd8 8.Be3 Be7
9.Qd2 Nc7 10.dxe5 dxe5 11.Qxd8+ Bxd8 12.a5 Be6 13.Nc1 Be7 14.Nd3 Nd7 15.Na4 Na6
16.c3 c5 17.Be2 c4 18.Nf2 O-O 19.O-O Ndb8 20.Rfb1 Nc6 21.b4 cxb3 22.Bxa6 bxa6
23.Bc5 Rab8 24.Bxe7 Nxe7 25.Nd3 Rb5  1/2-1/2

[Event "Regionalliga SW9596"]
[Site "Bayern"]
[Date "1996.??.??"]
[Round "?"]
[White "Marschner, Guenter"]
[Black "Wolf, Gerhard"]
[Result "1/2-1/2"]
[WhiteElo "1930"]
[BlackElo "2005"]

1.e4 d6 2.d4 Nf6 3.Nc3 c6 4.Bc4 b5 5.Bd3 e5 6.Nce2 Be7 7.f4 O-O 8.c3 c5 9.Nf3 cxd4
10.cxd4 Qb6 11.Be3 Bb7 12.fxe5 dxe5 13.Nxe5 Bd6 14.Nf3 Nxe4 15.O-O Nd7 16.Qe1 Be7
17.Nf4 Rae8 18.Kh1 Ndf6 19.Qh4 Nd5 20.Nxd5 Bxd5 21.Ng5 Bxg5 22.Bxg5 Nxg5
23.Qxg5 Rd8 24.Rf4 h6 25.Qf5 g6 26.Qh3 Kg7 27.Raf1 Be6 28.Qe3 Qd6 29.h4 h5
30.b3 a6 31.Be2 Kh7 32.Bxh5 Bf5 33.Bd1 Rfe8 34.Qf3 Qd5 35.Qg3 Re4 36.Bf3 Rxf4
37.Qxf4 Qxd4  1/2-1/2